|
|
|
|
| LEADER |
00000nab a2200000 a 4500 |
| 001 |
vtls008185656 |
| 003 |
SK-MaSNL |
| 005 |
20260303202751.0 |
| 008 |
050721c20050624xo dr|p|||||||000 b|slo |
| 015 |
|
|
|a SNBRB2005/07
|2 snkbucl
|
| 038 |
|
|
|a SNKBUCL
|
| 040 |
|
|
|a SNKBUCL
|b slo
|c SNKBUCL
|e AACR2
|
| 041 |
0 |
|
|a slo
|
| 044 |
|
|
|a xo
|c SK
|
| 080 |
|
|
|a 797.253.093.1
|2 UDC-MRF-SK2
|
| 245 |
0 |
0 |
|a Prví Rumuni, Slováci druhí
|b Dunajský pohár vodných pólistov
|
| 300 |
|
|
|b Tab.
|
| 611 |
2 |
7 |
|a Dunajský pohár vo vodnom póle
|d (2005 :
|c Trebišov, Slovensko)
|2 snkbucl
|9 1234728
|
| 650 |
0 |
7 |
|a vodné pólo
|2 snkbucl
|9 3219
|
| 773 |
0 |
|
|t Šport
|g Roč. 59, č. 159 (11.7.2005), s. 29
|x 0139-7001
|
| 852 |
|
|
|a SNK
|b KIS3GCP
|
| 999 |
|
|
|c 2181634
|d 2183564
|